000 00795nam a2200265Ia 4500
005 20260601193233.0
008 260601s9999||||xx |||||||||||||| ||und||
020 _a978-3-031-54534-4
_qebk
100 _aDmitry I. Ignatov
245 0 _aAnalysis of Images, Social Networks and Texts
250 _a2024
260 _aHeidelberg, Germany
_bSpringer Nature
_c2024
440 _aLecture Notes in Computer Science
650 _aComputer Science
700 _aAlexander Panchenko
700 _aAndrey Kutuzov
700 _aHabet Madoyan
700 _aIlya Makarov
700 _aIrina Nikishina
700 _aMaxim Panov
700 _aMichael Khachay
700 _aPanos M. Pardalos
856 _uhttps://link.springer.com/openurl?genre=book&isbn=978-3-031-54534-4
942 _cEB
_2ddc
999 _c56156
_d56156